Normal view
MARC view
- ماردونا -لاعب كرة قدم - رياضة
Entry Topical Term
001 - CONTROL NUMBER
- control field: 36070
003 - CONTROL NUMBER IDENTIFIER
- control field: JO-AjAnu
005 - DATE AND TIME OF LATEST TRANSACTION
- control field: 20230606080027.0
008 - FIXED-LENGTH DATA ELEMENTS
- fixed length control field: 230606|| aca||aabn | a|a d
040 ## - CATALOGING SOURCE
- Original cataloging agency: JO-AjAnu
- Transcribing agency: JO-AjAnu
150 ## - HEADING--TOPICAL TERM
- Topical term or geographic name entry element: ماردونا -لاعب كرة قدم - رياضة
670 ## - SOURCE DATA FOUND
- Source citation: Work cat.: (JO-AjAnu)18520: رياح، علي, author 36069, مارادونا ساحر الكرة